Responses for show #964 - Thursday, November 10, 1988

1988 Tournament of Champions quarterfinal game 4.

Contestants

Michael Block, a student and winner of the 1988 Teen Tournament from Staten Island, New York

Sandra Gore, a researcher originally from Boston, Massachusetts

Bruce Seymour, a writer from Piedmont, California

Jeopardy! Round responses

FIRST NAMES
U.S. STATES
POETS
THE BODY HUMAN
1979
CELEBRITY RELATIVES
    $100 27
Joseph

Sandra
    $100 28
Virginia

Bruce
    $100 6
the Civil War

Sandra
    $100 25
capillaries

Sandra
    $100 30
SALT II

Bruce
    $100 3
Mary Martin

Bruce
    $200 15
Alfred

Michael
    $200 1
Nebraska & Nevada

Triple Stumper
    $200 2
Ogden Nash

Sandra
    $200 4
lymphocytes (or white blood cells)

Bruce
    $200 29
(Sandra: Who is Ted Williams?)

Carl Yastrzemski

SandraMichael
    $200 17
Geraldine Chaplin

Sandra
    $300 23
Cecil

Sandra
    $300 5
Oklahoma

Sandra
    $300 7
Massachusetts

Sandra
    $300 8
the spleen

Bruce
    $500 26
[The song was not reprised going into break.]

The Bee Gees

Sandra
    $300 18
Jayne Mansfield

Sandra
    $400 16
Harland

Sandra
    $400 10
Kansas

Bruce
    $400 21
William Wordsworth

Sandra
    $400 9
the skin

Michael
    $400 13
Jaws

Michael
    $400 19
Peter Ustinov

Sandra
    $500 24
(Bruce: What is Edward?)

Edmund

Bruce
Triple Stumper
    $500 11
Oregon

Michael
    $500 22
Edna St. Vincent Millay

Bruce
    $500 12
(Sandra: What is the femur?)

the tibia

Sandra
Triple Stumper
    $500 14
(Sandra: Who was Westmoreland?)

Alexander Haig

BruceSandra
    $500 20
Lena Horne

Sandra

Scores at the first commercial break (after clue 13):

Bruce Sandra Michael
$1,000 $400 $1,300

Scores at the end of the Jeopardy! Round:

Bruce Sandra Michael
$1,700 $2,900 $1,700

Double Jeopardy! Round responses

ANCIENT TIMES
COLLEGES
MUSIC
MOUNTAINS
NATIONAL LEADERS
CHARACTERS IN PLAYS
    $200 24
Nebuchadnezzar (II)

Bruce
    $200 30
Atomic/Nuclear

Sandra
    $200 11
Score

Sandra
    $200 29
Mount McKinley

Bruce
    $200 18
France

Sandra
    $200 2
Cleopatra

Sandra
    $400 1
Goshen

Sandra
    $400 27
William & Mary

Michael
    $400 12
Accordion

Sandra
    $400 17
Mexico

Sandra
    $400 28
Canada

Bruce
    $400 3
"Miss Julie"

Bruce
    $600 4
Justinian (I)

Bruce
    $600 6
(Michael: What is pi?)

MIT

BruceMichael
    $600 13
Franz Joseph Haydn

Sandra
    $600 19
Antarctica

Bruce
    $600 26
Egypt

Michael
    $600 8
Medea

Sandra
    $800 5
(Marcus Antonius)

Mark Antony

Michael
    $800 7
Cornell

Sandra
    $800 14
Leonora

Sandra
    $2,000 20
(B: Who was Everest?)

Henry Godwin-Austen

Bruce
    $800 23
Denmark

Sandra
    $800 9
Sebastian (Venable)

Sandra
    $1000 16
Zoroaster

Bruce
    $1,000 25
Trinity College

Bruce
    $1000 15
Aram Khachaturian

Bruce
    $1000 21
(S: What is the Matterhorn?)

Mont Blanc

BruceSandra
    $1000 22
Zimbabwe

Bruce
    $1000 10
Nick

Sandra

Scores at the end of the Double Jeopardy! Round:

Bruce Sandra Michael
$7,700 $9,300 $2,900

Final Jeopardy! Round responses

THE OSCARS
[Joanne Woodward, 1958, for The Three Faces of Eve; Paul Newman, 1987, for The Color of Money.]
MichaelWho are Caron & Vadim?
$2,899
BruceWho are ?
$1,200
SandraWho were Taylor & Burton?
$700
Paul Newman & Joanne Woodward

Final scores:

Bruce Sandra Michael
$6,500 $8,600 $1
2nd place: $1,000 if eliminated Automatic semifinalist 3rd place: $1,000 if eliminated

Game dynamics:

Coryat scores:

Bruce Sandra Michael
$9,700 $9,100 $2,900
20 R
(including 1 DD),
2 W
(including 1 DD)
28 R
(including 1 DD),
4 W
8 R,
1 W

Combined Coryat: $21,700

The J! Archive is created by fans, for fans. The Jeopardy! game show and all elements thereof, including but not limited to copyright and trademark thereto, are the property of Jeopardy Productions, Inc. and are protected under law. This website is not affiliated with, sponsored by, or operated by Jeopardy Productions, Inc. Join the discussion at JBoard.tv.